STUDIES ON MODERN ASSAMESE WRITERS : BIRENDRA KUMAR BHATTACHARYYA (Record no. 20960)
[ view plain ]
| 000 -LEADER | |
|---|---|
| fixed length control field | 00470cam a2200181ua 4500 |
| 008 - FIXED-LENGTH DATA ELEMENTS--GENERAL INFORMATION | |
| fixed length control field | 150709n2014 II |||gr||||Z||||||eng |
| 040 ## - CATALOGING SOURCE | |
| Original cataloging agency | MAIN |
| 041 ## - LANGUAGE CODE | |
| -- | English |
| 082 ## - DEWEY DECIMAL CLASSIFICATION NUMBER | |
| Classification number | 920 HAZ |
| 100 ## - MAIN ENTRY--PERSONAL NAME | |
| Personal name | HAZARIKA, KARABI. |
| 245 ## - TITLE STATEMENT | |
| Title | STUDIES ON MODERN ASSAMESE WRITERS : BIRENDRA KUMAR BHATTACHARYYA |
| 250 ## - EDITION STATEMENT | |
| Edition statement | 1ST. |
| 260 ## - PUBLICATION, DISTRIBUTION, ETC. | |
| Place of publication, distribution, etc. | GUWAHATI |
| Name of publisher, distributor, etc. | PURBANCHAL PRAKASH |
| Date of publication, distribution, etc. | 2014 |
| 300 ## - PHYSICAL DESCRIPTION | |
| Dimensions | 20CM. |
| 942 ## - ADDED ENTRY ELEMENTS (KOHA) | |
| Koha item type | Books |
| 653 ## - INDEX TERM--UNCONTROLLED | |
| Uncontrolled term | Biography, genealogy & insignia |
| Withdrawn status | Lost status | Damaged status | Not for loan | Collection code | Home library | Current library | Shelving location | Date acquired | Full call number | Barcode | Date last seen | Copy number | Price effective from | Koha item type |
|---|---|---|---|---|---|---|---|---|---|---|---|---|---|---|
| General Reference | Central Library and Information Centre Sibsagar Girls College | Central Library and Information Centre Sibsagar Girls College | Biography | 04.06.2015 | 920 HAZ | 32460 | 27.02.2020 | 1 | 27.02.2020 | Books |